Privatization of the plantation sector in Sri Lanka: Financial, economic and some environmental aspects (Record no. 65706)
[ view plain ]
| 000 -LEADER | |
|---|---|
| fixed length control field | 01610nam a2200169Ia 4500 |
| 100 ## - MAIN ENTRY--AUTHOR NAME | |
| Personal name | Kularatne Jagath S |
| 245 #0 - TITLE STATEMENT | |
| Title | Privatization of the plantation sector in Sri Lanka: Financial, economic and some environmental aspects |
| 260 ## - PUBLICATION, DISTRIBUTION, ETC. (IMPRINT) | |
| Name of publisher | Journal of the Rubber Research Institute of Sri Lanka |
| Year of publication | 2003 |
| 300 ## - PHYSICAL DESCRIPTION | |
| Number of Pages | 23-31 |
| 520 ## - SUMMARY, ETC. | |
| Summary, etc | This study has analyzed an important development in the recently privatized large estates of the plantation sector in Sri Lanka, the substitution of rubber with oil palm. Cost benefit analysis and domestic resource cost criterion were employed to assess the financial, economic, and environmental aspects of this development. Extended cost benefit analyses were conducted to capture the carbon sequestration benefits of the two crops. The study indicates that the current trend was caused by the continuous drop in world rubber prices from 1966-2000 due to the South East Asian (SEA) financial crisis. BEcause of the low price levels, the financial returns from rubber were considerably lower than oil palm during the crisis period. This situation seems to have caused private entrepreneurs to move away from rubber to oil palm. However, this anaysis indicates higher economic and environmental benefits from rubber than oil palm even at low price levels. This study thus emphasizes the importance of proper policy research to ensure the sustainable development of this vital sector in Sri Lanka. |
| 650 ## - SUBJECT ADDED ENTRY--TOPICAL TERM | |
| Topical Term | Oil palm |
| 650 ## - SUBJECT ADDED ENTRY--TOPICAL TERM | |
| Topical Term | Plantation sector |
| 650 ## - SUBJECT ADDED ENTRY--TOPICAL TERM | |
| Topical Term | Sri Lanka |
| 700 ## - ADDED ENTRY--PERSONAL NAME | |
| Personal name | Takeya Hiroyuki |
| 942 ## - ADDED ENTRY ELEMENTS (KOHA) | |
| Koha item type | Journals |
| Withdrawn status | Lost status | Damaged status | Not for loan | Home library | Current library | Shelving location | Date acquired | Serial Enumeration / chronology | Koha item type |
|---|---|---|---|---|---|---|---|---|---|
| Journals | RRII Library | RRII Library | Agricultural economics | 17/12/2021 | Volume 86, Issue .. | Journals |